000 00671nam a2200193 i 4500
001 88566
003 ES-MaACL
005 20230906175901.0
007 t|
008 050105s1966 sp ||||1| cat d
100 1 _aLandsberg, Paul Ludwig.
_969975
245 1 0 _aReflexions sobre el suicidi i la mort /
_cPaul Ludwig Landsberg ; [traductor catalá Ramón Rabassa i Riu ; práoleg Paul Ludwig Landsberg ; vida, obra i mort per Jordi Maragall].
250 _a[1ª ed.].
260 _aBarcelona :
_bAriel,
_c[1966]
300 _a149 p. ;
_c19 cm.
700 1 _aRabassa i Riu, Ramón.
_994847
700 1 _aMaragall, Jordi.
_976292
852 _aES-MaACL
_jC-29921
_bR.60189
999 _c88566
_d88566